000 00779nam a22002777a 4500
001 BR9002161
003 BR-BrBNA
005 20230928093440.0
007 ta
008 230509b bl.||||| |||| 00| 0 por d
040 _aBR-BrBNA
_bpor
_cBiblioteca Nacional de Agricultura
041 _a(Por)
072 _aL40; L01
_b5212
090 _ 5212 BR9002161
110 1 _aAssociacao Brasileira dos Criadores de Zebu, Uberaba, MG (Brasil)
245 1 _a14. Curso intensivo de julgamento de zebuinos
_bDe 23 a 28 de Julho de 1984
260 3 _aUberaba, MG (Brasil):
_c1984.
300 _a120 p.
500 _a15 tables
650 _aGADO ZEBU
650 _aRACA
650 _aANATOMIA ANIMAL
650 _aZOOTECNIA
909 _a202309
_bLucia
_c55
_dLucia Elande
942 _cBK
999 _c45054
_d45054